I have a dream /

An illustrated edition of Martin Luther King's famous "I have a dream" speech.

Bibliographic Details
Main Author: King, Martin Luther, Jr., 1929-1968
Other Authors: Nelson, Kadir (Illustrator)
Format: Book
Language:English
Published: New York : Schwartz & Wade Books, [2012]
Edition:1st ed.
Subjects:

MARC

Tag First Indicator Second Indicator Subfields
LEADER 00000cam a2200000 a 4500
001 in00002783431
005 20150922150552.0
008 111031s2012 nyua c 000 0 eng
010 |a  2011044259 
020 |a 9780375858871 (hbk.) 
020 |a 0375858873 (hbk.) 
020 |a 9780375958878 (g.l.b.) 
020 |a 0375958878 (g.l.b.) 
035 |a (OCoLC)ocn759395944 
040 |a DLC  |c DLC  |d UtOrBLW 
043 |a n-us--- 
049 |a TXAM 
050 0 0 |a E195.97.K5  |b A5 2012 
082 0 0 |a 323.092  |2 23 
100 1 |a King, Martin Luther,  |c Jr.,  |d 1929-1968. 
245 1 0 |a I have a dream /  |c Martin Luther King, Jr. ; paintings by Kadir Nelson. 
250 |a 1st ed. 
264 1 |a New York :  |b Schwartz & Wade Books,  |c [2012] 
264 4 |c ©2012 
300 |a 1 volume (unpaged) :  |b color illustrations ;  |c 29 cm. +  |e 1 sound disc (4 3/4 in.). 
336 |a text  |b txt  |2 rdacontent 
337 |a unmediated  |b n  |2 rdamedia 
338 |a volume  |b nc  |2 rdacarrier 
520 |a An illustrated edition of Martin Luther King's famous "I have a dream" speech. 
650 0 |a African Americans  |x Civil rights  |v Juvenile literature. 
650 0 |a Civil rights movements  |z United States  |x History  |v Juvenile literature. 
650 0 |a Picture books for children. 
611 2 0 |a March on Washington for Jobs and Freedom  |d (1963 :  |c Washington, D.C.)  |v Juvenile literature. 
700 1 |a Nelson, Kadir,  |e illustrator. 
945 |a PromptCat  |b 108295 
946 |a curr 
947 |a A14836012781 
948 |a cataloged  |b h  |c 2013/1/7  |d c  |e dmitchel  |f 11:10:20 am 
994 |a 92  |b TXA 
999 |a MARS 
999 f f |s 2464675e-47fe-32a3-be6c-6a26ef766461  |i 9534378c-3d9b-36c4-ae20-d4f8c7cfd1ba  |t 0 
952 f f |p normal  |a Texas A&M University  |b College Station  |c Sterling C. Evans Library  |d Evans: Curriculum Collection (4th floor)  |t 0  |e E195.97.K5 A5 2012  |h Library of Congress classification  |i unmediated -- volume  |m A14836012781 
998 f f |a E195.97.K5 A5 2012  |t 0  |l Evans: Curriculum Collection (4th floor)